00752nam a2200181 i 450000100060000000300090000600500170001500700030003200800410003524501820007626000540025830000220031270000470033470000200038185200310040199900170043295201210044955378ES-MaACL20250826111423.0t|030918s1951 sp ||||1| spa d00aBajo dos tiranías b: Hitler y Stalin en tierras húngaras : cartas sobre la ocupación alemana y rusa en Hungría / c[Deodato, seud.] ; editadas por Antonio Sancho Nebot. aMadrid : bStudium de Cultura, c[1951] (fHalar) a100 p. ; c20 cm.1 aSancho Nebot, Antonio, d1884-196191030480 aDeodato.943745 aES-MaACLjD-6153 bR.31299 c55378d55378 00104070aATENEOMbATENEOMcSVId2008-01-17eSCl0oD-6153p901058184r2023-02-23 00:00:00w2023-02-23yMONOGRAFIA